| 000 | 02419nam0a2200385 4500 | ||
|---|---|---|---|
| 001 | RU\NLR\BIBL_A\022693967 | ||
| 005 | 20260420061851.0 | ||
| 010 |
_a978-5-91702-604-6 _9100 |
||
| 021 |
_aRU _bКН-П-25-067780 _9КН-П-25-6557 |
||
| 035 | _a(NLR Aleph) 022693967 | ||
| 090 |
_a13687458 _c13687458 |
||
| 100 | _a20251223d2025 u y0rusy50 ca | ||
| 101 | 0 | _arus | |
| 102 | _aRU | ||
| 105 | _aa|||j|||000yy | ||
| 181 | 0 |
_ai3 _baxxe |
|
| 182 | 0 | _an | |
| 200 | 1 |
_aПереломы ключицы _eучебное пособие _eдля врачей - травматологов-ортопедов, врачей-хирургов, врачей - детских хирургов _fН. В. Ярыгин, чл.-кор. РАН, д-р мед. наук, проф., А. Л. Петрушин, канд. мед. наук, С. В. Брагина, канд. мед. наук, доц., П. А. Березин, врач - траматолог-ортопед _gФедеральное государственное бюджетное образовательное учреждение высшего образования "Северный государственный медицинский университет" Министерства здравоохранения Российской Федерации |
|
| 203 |
_aТекст _bвизуальный _cнепосредственный |
||
| 210 |
_aАрхангельск _cФГБОУ ВО СГМУ Минздрава России _d2025 |
||
| 215 |
_a139 с. _cил., цв. ил., табл. _d21 |
||
| 225 | 1 | _aТравматология | |
| 320 | _aБиблиогр.: с. 110-139 (317 назв.) | ||
| 606 | 1 |
_aКлючица _jУчебные издания _xПереломы _92434267 _3RU\NLR\AUTH\6601666778 |
|
| 686 | 1 | _aР458.198.408.83я77 | |
| 701 | 1 |
_aЯрыгин _bН. В. _gНиколай Владимирович |
|
| 701 | 1 |
_aПетрушин _bА. Л. _gАлександр Леонидович |
|
| 701 | 1 |
_aБрагина _bС. В. _gСветлана Валентиновна |
|
| 701 | 1 |
_aБерезин _bП. А. _gПавел Андреевич |
|
| 712 | 0 | 2 |
_4475 _aСеверный государственный медицинский университет _cАрхангельск _9562229 _3RU\NLR\AUTH\8810031813 |
| 942 | _cBOOK | ||
| 980 | _aNB | ||